The long way westward / (Record no. 700)
[ view plain ]
| 000 -LEADER | |
|---|---|
| fixed length control field | 01033nam a22002897a 4500 |
| 005 - DATE AND TIME OF LATEST TRANSACTION | |
| control field | 20230703075536.0 |
| 020 ## - INTERNATIONAL STANDARD BOOK NUMBER | |
| International Standard Book Number | 0060252065 : |
| Terms of availability | $10.95 |
| 020 ## - INTERNATIONAL STANDARD BOOK NUMBER | |
| International Standard Book Number | 0060252073 (lib. bdg.) : |
| Terms of availability | $10.89 |
| 040 ## - CATALOGING SOURCE | |
| Original cataloging agency | DLC |
| Transcribing agency | DLC |
| Modifying agency | DLC |
| Language of cataloging | eng |
| 050 00 - LIBRARY OF CONGRESS CALL NUMBER | |
| Classification number | PZ7.S217 |
| Item number | Lp 1989 |
| 082 00 - DEWEY DECIMAL CLASSIFICATION NUMBER | |
| Classification number | [E] |
| Edition number | 19 |
| 100 1# - MAIN ENTRY--PERSONAL NAME | |
| Personal name | Sandin, Joan. |
| 245 14 - TITLE STATEMENT | |
| Title | The long way westward / |
| Statement of responsibility, etc. | by Joan Sandin. |
| 250 ## - EDITION STATEMENT | |
| Edition statement | First Harper Trophy edition, 1992 |
| 260 ## - PUBLICATION, DISTRIBUTION, ETC. | |
| Place of publication, distribution, etc. | New York : |
| Name of publisher, distributor, etc. | Harper Collins, |
| Date of publication, distribution, etc. | 1992. |
| 300 ## - PHYSICAL DESCRIPTION | |
| Extent | 63 pages : |
| Other physical details | color illustrations ; |
| Dimensions | 22 cm. |
| 505 ## - FORMATTED CONTENTS NOTE | |
| Formatted contents note | M <br/> |
| 520 ## - SUMMARY, ETC. | |
| Summary, etc. | Relates the experiences of two young brothers and their family, immigrants from Sweden, from their arrival in New York through the journey to their new home in Minnesota. |
| 521 ## - TARGET AUDIENCE NOTE | |
| Target audience note | 530 <br/> |
| Source | Lexile <br/> |
| 521 ## - TARGET AUDIENCE NOTE | |
| Target audience note | M <br/><br/> |
| Source | Raz-Plus <br/> |
| 650 #1 - SUBJECT ADDED ENTRY--TOPICAL TERM | |
| Topical term or geographic name entry element | Emigration and immigration |
| General subdivision | Fiction. |
| 650 #1 - SUBJECT ADDED ENTRY--TOPICAL TERM | |
| Topical term or geographic name entry element | Swedish-Americans |
| General subdivision | Fiction. |
| 906 ## - LOCAL DATA ELEMENT F, LDF (RLIN) | |
| a | 7 |
| b | cbc |
| c | orignew |
| d | 1 |
| e | ocip |
| f | 19 |
| g | y-gencatlg |
| 942 ## - ADDED ENTRY ELEMENTS (KOHA) | |
| Source of classification or shelving scheme | Dewey Decimal Classification |
| Koha item type | Books |
| Suppress in OPAC | No |
| 999 ## - | |
| -- | 700 |
| -- | 700 |
| Withdrawn status | Lost status | Source of classification or shelving scheme | Damaged status | Not for loan | Collection | Home library | Current library | Shelving location | Date acquired | Total Checkouts | Full call number | Barcode | Date last seen | Date last checked out | Price effective from | Koha item type |
|---|---|---|---|---|---|---|---|---|---|---|---|---|---|---|---|---|
| Dewey Decimal Classification | Juvenile Fiction | Footprints International School Library Network Toul Kork Campus | Footprints International School Library Network Toul Kork Campus | TK Primary Library Room(4th Floor), Bookcase 3&4, Shelves 17-32, Yellow Books | 06/30/2023 | 1 | SAN 217 PZ7.S217 | 2023-0118 | 09/20/2023 | 08/22/2023 | 06/30/2023 | Books |
